| 000 | 00000nam 2200000zi 4500 |
| 001 | 9.925820 |
| 003 | CaOODSP |
| 005 | 20240812143551 |
| 006 | m o d f |
| 007 | cr ||||||||||| |
| 008 | 230802t20232023onc ob f000 0 eng d |
| 020 | |a9780660497822 |
| 040 | |aCaOODSP|beng|erda|cCaOODSP |
| 086 | 1 |aD69-71/2023E-PDF |
| 245 | 00|aEmerging technology snapshot : |bcountermeasures against hypersonic weapons. |
| 264 | 1|a[Ottawa] : |bDefence Research and Development Canada = Recherche et développement pour la défense Canada, |c2023. |
| 264 | 4|c©2023 |
| 300 | |a1 online resource (2 unnumbered pages) |
| 336 | |atext|btxt|2rdacontent |
| 337 | |acomputer|bc|2rdamedia |
| 338 | |aonline resource|bcr|2rdacarrier |
| 500 | |aIssued also in French under title: Technologie émergente en bref : contre-mesures visant les armes hypersoniques. |
| 500 | |aCaption title. |
| 504 | |aIncludes bibliographical references. |
| 520 | |a"Hypersonic weapons (including cruise missiles, glide and boost-glide vehicles) travel at Mach 5 or higher, retain a degree of in-flight maneuverability and follow lower-altitude, difficult-to-track trajectories, all of which make intercepting these weapons much harder than with ballistic missiles. Research on countermeasures to hypersonic weapons include high-power lasers and microwave weapons, railguns and hypersonic interceptors, along with ‘soft-kill’ weapons like cyberattacks to confuse, overload or disable critical subsystems, such as receivers for satellite navigation signals or controllers for flight surfaces"--page [1]. |
| 650 | 0|aAir defenses|xTechnological innovations. |
| 710 | 2 |aDefence R&D Canada, |eissuing body. |
| 710 | 1 |aCanada. |bDepartment of National Defence, |eissuing body. |
| 775 | 08|tTechnologie émergente en bref : |w(CaOODSP)9.925819 |
| 856 | 40|qPDF|s390 KB|uhttps://publications.gc.ca/collections/collection_2024/rddc-drdc/D69-71-2023-eng.pdf |